| 000 | 00529nam a2200193Ia 4500 | ||
|---|---|---|---|
| 003 | OSt | ||
| 005 | 20250711152110.0 | ||
| 008 | 210210b1990 xxu||||| |||| 00| 0 eng d | ||
| 040 | _cAL | ||
| 041 | _aKannada | ||
| 082 | _aK894.3 SUBS | ||
| 100 |
_aSUBBARAYA CHOKKADI. _dಸುಬ್ಬರಾಯ ಚೊಕ್ಕಾಡಿ _9218338 |
||
| 245 |
_aSantemane _bಸಂತೆಮನೆ |
||
| 260 |
_aDharavada _bManohara Granthamala _c1990 |
||
| 300 | _a203 | ||
| 690 |
_aKannada Fiction _9218339 |
||
| 906 | _a049261 | ||
| 942 |
_2ddc _cBK |
||
| 999 |
_c98271 _d98271 |
||